| Поле | Инд. | ПП | Название | Значение |
|---|---|---|---|---|
| Тип записи | a | |||
| Библиографический уровень | m | |||
| 001 | Контрольный номер | RU/IS/BASE/129224435 | ||
| 005 | Дата корректировки | 20221220165809.5 | ||
| 040 | b | Код языка каталог. | rus | |
| 041 | 0_ | a | Код языка текста | rus |
| 080 | 00 | a | Индекс УДК | 004.42 |
| 084 | a | Индекс другой классификации/Индекс ББК | 32.973.3 | |
| 090 | 00 | a | Полочн. индекс | 681.3 |
| x | Авторский знак | Ф91 | ||
| 097 | b | Оператор | 02 | |
| 100 | 10 | a | Автор | Фролов А. В. |
| 245 | 00 | a | Заглавие | Microsoft Visual C++ и MFC |
| n | Номер части/ раздела | Ч. 2 | ||
| p | Название части/ раздела | Программирование для Windows 95 и Windows NT | ||
| 260 | 00 | a | Место издания | М. |
| c | Дата издания | 1997 | ||
| b | Издательство | Диалог-Мифи | ||
| 300 | 00 | a | Объем | 272 с. |
| b | Иллюстрации/ тип воспроизводства | ил. | ||
| 440 | 00 | a | Серия | Библиотека системного программиста |
| v | N тома | Т. 28 | ||
| 510 | 0_ | a | Примечание о ссылках | Книги и методические пособия |
| 650 | 04 | a | Основная рубрика | 50.41 Программное обеспечение вычислительных машин, комплексов и сетей |
| x | Основная подрубрика | 50.41.15 Операционные системы | ||
| 653 | 0_ | a | Ключевые слова | программирование; языки программирования; Windows; Visual C++; microsoft |
| 700 | 10 | a | Другие авторы | Фролов Г. В. |
| 901 | t | Тип документа | m |